000 00737cam a22002657a 4500
003 CHAP
005 20220329134059.0
008 971013s1911 r 00010 d
010 _a15123
011 _a16095
035 _a20173
040 _cCHAP
082 _a634.9
_bG73
100 0 0 _aGraves, Henry Solon.
_950475
245 1 4 _aThe principles of handling woodlands
260 _aNew York :
_bWiley,
_c1911
300 _a325 p.
_b: ilus
590 _aBATCH-UPD
_b10
_c20130110
_lUCH01
_h1400
590 _aCONVERSION
_b10
_c20130109
_lUCH01
_h1310
650 1 4 _aBosques.
_914002
650 1 4 _aBosques
_xIncendios.
_914211
901 _aBK
942 _cLIBRO
949 _a634.9 G73
_bBC
_cLIBRO
_d33724000223087
_eLIBRO
_h23395
_i20173
_si
999 _c15123
_d15123